00437nam a2200121 a 450000500170000000800410001705000290005810000250008724500800011226000660019230000210025865000360027920140310183146.0021119s19uu xx 00 eng d aHF 5549.5.T7b.D365 1998 aDe Guia, Florence M. aIs Training quantifiable? :ban HRD-OD breakthrough /cFlorence M. De Guia. aPoblacion, Makati City :bFlorence de Guia Associates,c1998. a101 p. :c23 cm. aEvaluation ofxtraining program